000 00275nam a22001217a 4500
008 170523b xxu||||| |||| 00| 0 eng d
041 _aeng
080 _a94(7/8)
100 _a16
101 _ashh
245 _aTWENTIETH CENTURY AMERICA
_cBERNSTEIN.B.J
942 _2udc
_cBK
999 _c13923
_d13923